000 00876nam a2200217 a 4500
001 000027560
003 OSt
005 20201118140953.0
008 110401s1946 dr r 000 0 spa d
040 _aDO-SdBNP
_bspa
_cBNPHU
082 4 _a972.93053
_bB715d
_222
100 1 _aBonilla Atiles, Antonio
_954650
245 1 0 _aDiscursos y conferencias enjuiciando la política del presidente Trujillo (1940-1946) /
_cAntonio Bonilla Atiles.
260 _aSanto Domingo :
_bEdiciones Véritas,
_c1946.
300 _a52 p. ;
_c24 cm.
590 _aInventariado, 2018/LP
651 4 _aRepública Dominicana
_xPolítica y Gobierno
_xHistoria
_yEra de Trujillo, 1930-1961
_vEnsayos, conferencias, etc.
_954651
651 4 _aRepública Dominicana
_xHistoria
_yEra de Trujillo, 1930-1961
_vEnsayos, conferencias, etc.
_912749
910 _aValidado. Control de calidad MFF
942 _2ddc
_cLBS1
999 _c27052
_d27052